00382nam a2200121Ia 4500008004100000245006800041260003900109260000900148300000900157650002600166650001200192856005600204170516s9999 xx 000 0 und d aLooking beyond the Sella: Suprasellar Infundibular Prolactinoma bSouth African Journal of Radiology c2016 a20:1 xRadiologic Technology xRadtech uhttp://www.sajr.org.za/index.php/sajr/issue/view/54